000 00640nam a2200253Ia 4500
003 OSt
005 20220918223535.0
006 a|||||r|||| 00| 0
007 ta
008 220917b |||||||| |||| 00| 0 eng d
024 _a223,438
037 _cTextual
040 _aARTS
_cARTS
_beng
041 _2eng
_aeng
082 _aS:815, N9
100 _aEasthope Antony
_916198
245 0 _aUnconscious
260 _aLondon
_bRoutledge
_c1999
300 _axiii, 178p
_ccm.
490 _aThe new critical idiom
650 _aPSYCHOLOGY
942 _hS:815, N9
_cTEXL
_2CC
999 _c278758
_d278758